<?xml version="1.0" encoding="UTF-8"?>
<record
    xmlns:xsi="http://www.w3.org/2001/XMLSchema-instance"
    xsi:schemaLocation="http://www.loc.gov/MARC21/slim http://www.loc.gov/standards/marcxml/schema/MARC21slim.xsd"
    xmlns="http://www.loc.gov/MARC21/slim">

  <leader>02875nam a2200265 a 4500</leader>
  <controlfield tag="001"> </controlfield>
  <controlfield tag="003">DO-SdBNP</controlfield>
  <controlfield tag="005">20210811091013.0</controlfield>
  <controlfield tag="008">091202t1984    dr            001 e spa d</controlfield>
  <datafield tag="040" ind1=" " ind2=" ">
    <subfield code="a">DO-SdBNP</subfield>
    <subfield code="b">spa</subfield>
    <subfield code="c">BPMSU</subfield>
  </datafield>
  <datafield tag="049" ind1=" " ind2=" ">
    <subfield code="a"> </subfield>
  </datafield>
  <datafield tag="082" ind1=" " ind2=" ">
    <subfield code="a">RD864.44</subfield>
    <subfield code="b">H519f 1984</subfield>
    <subfield code="2">22</subfield>
  </datafield>
  <datafield tag="100" ind1="1" ind2=" ">
    <subfield code="a">Henr&#xED;quez Gratereaux, Federico,</subfield>
    <subfield code="d">1937-</subfield>
  </datafield>
  <datafield tag="245" ind1="1" ind2="3">
    <subfield code="a">La feria de las ideas /</subfield>
    <subfield code="c">Federico Henr&#xED;quez Gratereaux.</subfield>
  </datafield>
  <datafield tag="260" ind1=" " ind2=" ">
    <subfield code="a">Santo Domingo :</subfield>
    <subfield code="b">Secretar&#xED;a de Estado de Educaci&#xF3;n, Bellas Artes y Cultos,</subfield>
    <subfield code="c">1984.</subfield>
  </datafield>
  <datafield tag="300" ind1=" " ind2=" ">
    <subfield code="a">254 p. ;</subfield>
    <subfield code="c">20 cm.</subfield>
  </datafield>
  <datafield tag="505" ind1="0" ind2=" ">
    <subfield code="t">El caso de algunos escritos cortos --</subfield>
    <subfield code="t">Tertulias iterarias y de las otras --</subfield>
    <subfield code="t">La gimnasia del escribano --</subfield>
    <subfield code="t">Entre dos fuegos --</subfield>
    <subfield code="t">Cr&#xED;tica de la cr&#xED;tica --</subfield>
    <subfield code="t">Esperpento --</subfield>
    <subfield code="t">Guerra a la expresi&#xF3;n petrificada --</subfield>
    <subfield code="t">Veinte a&#xF1;os despu&#xE9;s de la muerte de Ortega --</subfield>
    <subfield code="t">De la visi&#xF3;n espa&#xF1;ola del mundo --</subfield>
    <subfield code="t">Los grandes brincos est&#xE9;ticos--</subfield>
    <subfield code="t">La entretela de nuestras de nuestras ideas --</subfield>
    <subfield code="t">!Filosof&#xED;a en el peri&#xF3;dico! --</subfield>
    <subfield code="t">Cr&#xED;ticos, criticones, criticastro --</subfield>
    <subfield code="t">Lomas antillanas con pensamiento de Machado --</subfield>
    <subfield code="t">Sacarle la lengua al lenguaje --</subfield>
    <subfield code="t">Coro de sapos --</subfield>
    <subfield code="t">Charla de viejos --</subfield>
    <subfield code="t">Los intelectuales brutos --</subfield>
    <subfield code="t">El sigiloso cambio de la novela --</subfield>
    <subfield code="t">La feria de las ideas --</subfield>
    <subfield code="t">Venir del mono y hacer el Mono --</subfield>
    <subfield code="t">El ombligo ol&#xED;mpico de Rub&#xE9;n Dar&#xED;o --</subfield>
    <subfield code="t">El diablo y la historia con Dios a cuentas --</subfield>
    <subfield code="t">Andrajos intelectuales --</subfield>
    <subfield code="t">En el pa&#xED;s de los ciegos ning&#xFA;n tuerto es rey --</subfield>
    <subfield code="t">Los poetas descubren el mercado --</subfield>
    <subfield code="t">Ideolog&#xED;a y desinfectante --</subfield>
    <subfield code="t">Ideolog&#xED;a y desinfectante (cambios econ&#xF3;micos en Rusia) --</subfield>
    <subfield code="t">El sembrador de voces --</subfield>
    <subfield code="t">"De incomprensibles verdades sostenido" --</subfield>
    <subfield code="t">La marcha que conduce al Guijarro --</subfield>
    <subfield code="t">Rebanadas de escritura --</subfield>
    <subfield code="t">Podar el &#xE1;rbor de la patria --</subfield>
    <subfield code="t">En el lomo po&#xE9;tico del potro del Compadre Mon --</subfield>
    <subfield code="t">Concho Primo salvado de la muerte --</subfield>
    <subfield code="t">C&#xE1;rcel, comisario y juez --</subfield>
    <subfield code="t">Muerte y transfiguraci&#xF3;n de Concho Primo --</subfield>
    <subfield code="t">El Masacre bajo la lupa --</subfield>
    <subfield code="t">Los malos salvajes --</subfield>
    <subfield code="t">Multiloquio americanista --</subfield>
    <subfield code="t">Sustantivos y adjetivos</subfield>
    <subfield code="t">Piltrafas de libertad --</subfield>
  </datafield>
  <datafield tag="505" ind1="0" ind2=" ">
    <subfield code="t">Hombres, mujeres y bichos --</subfield>
    <subfield code="t">Mujer persona femenina hembra --</subfield>
    <subfield code="t">!Cristo viene en autob&#xFA;s! --</subfield>
    <subfield code="t">El diablo sigue siendo noticia --</subfield>
    <subfield code="t">La sexualidad como consumo --</subfield>
    <subfield code="t">C&#xF3;mo sacar el tu&#xE9;tano al padrino --</subfield>
    <subfield code="t">Las mujeres blasfemias de todos los tiempos --</subfield>
    <subfield code="t">La inocencia, la experiencia y la locura --</subfield>
    <subfield code="t">Especialistas, economistas, literatos, humanistas --</subfield>
    <subfield code="t">El prestigio de la nada --</subfield>
    <subfield code="t">El hombre como animal mitog&#xE9;nico --</subfield>
    <subfield code="t">Mito, tradici&#xF3;n y leyenda --</subfield>
    <subfield code="t">Poetas y filosofos se tiran de las gre&#xF1;as --</subfield>
    <subfield code="t">Orwell y nuestro siglo de sociolatr&#xED;a --</subfield>
    <subfield code="t">Afueristas y adentristas --</subfield>
    <subfield code="t">Odiseo, Sancho y Jos&#xE9; Arcadio se re&#xFA;nen --</subfield>
    <subfield code="t">Borges.</subfield>
  </datafield>
  <datafield tag="586" ind1=" " ind2=" ">
    <subfield code="a">Premio Nacional de Ensayo, Pedro Henr&#xED;quez Ure&#xF1;a, 1980</subfield>
  </datafield>
  <datafield tag="590" ind1=" " ind2=" ">
    <subfield code="6">Inventariado, 2021/VM</subfield>
  </datafield>
  <datafield tag="650" ind1=" " ind2="4">
    <subfield code="a">Ensayos dominicanos</subfield>
  </datafield>
  <datafield tag="650" ind1=" " ind2="0">
    <subfield code="a">Literatura dominicana.</subfield>
  </datafield>
  <datafield tag="910" ind1=" " ind2=" ">
    <subfield code="a"> VMateo V.</subfield>
  </datafield>
  <datafield tag="942" ind1=" " ind2=" ">
    <subfield code="2">ddc</subfield>
    <subfield code="c">BK</subfield>
  </datafield>
  <datafield tag="952" ind1=" " ind2=" ">
    <subfield code="0">0</subfield>
    <subfield code="1">0</subfield>
    <subfield code="2">ddc</subfield>
    <subfield code="4">0</subfield>
    <subfield code="7">0</subfield>
    <subfield code="8">CD</subfield>
    <subfield code="a">BPMET</subfield>
    <subfield code="b">BPMET</subfield>
    <subfield code="d">2021-08-11</subfield>
    <subfield code="e">Reyes Duluc</subfield>
    <subfield code="l">0</subfield>
    <subfield code="o">BPMSU CD RD864.44 H519f 1984</subfield>
    <subfield code="p">BPMSU21080040</subfield>
    <subfield code="r">2021-08-11</subfield>
    <subfield code="w">2021-08-11</subfield>
    <subfield code="y">BK</subfield>
  </datafield>
  <datafield tag="952" ind1=" " ind2=" ">
    <subfield code="0">0</subfield>
    <subfield code="1">0</subfield>
    <subfield code="2">ddc</subfield>
    <subfield code="4">0</subfield>
    <subfield code="7">0</subfield>
    <subfield code="8">CD</subfield>
    <subfield code="a">BPMET</subfield>
    <subfield code="b">BPMET</subfield>
    <subfield code="d">2021-08-11</subfield>
    <subfield code="e">Reyes Duluc</subfield>
    <subfield code="l">0</subfield>
    <subfield code="o">BPMSU CD RD864.44 H519f 2001</subfield>
    <subfield code="p">BPMSU26020045</subfield>
    <subfield code="r">2026-02-06</subfield>
    <subfield code="w">2021-08-11</subfield>
    <subfield code="y">BK</subfield>
  </datafield>
  <datafield tag="999" ind1=" " ind2=" ">
    <subfield code="c">13625</subfield>
    <subfield code="d">13625</subfield>
  </datafield>
</record>
